000 00346nam a22001217a 4500
008 190316b xxu||||| |||| 00| 0 eng d
041 _aeng
080 _a043.3
100 _a0
101 _aSHJ-MA
245 _aInstitucionet e Bashkimit Evropian dhe ndikimi i politikave mjedisore ne te drejten e mjedisit ne Kosove
_cBalaj, F
942 _2udc
_cBK
999 _c54876
_d54876